Southeast Asia economies toward 1980s

में बचाया:
ग्रंथसूची विवरण
मुख्य लेखक: Yanagisawa, Masaichi
स्वरूप: पुस्तक
भाषा:Undetermined
प्रकाशित: Tokyo International Developing Economic 1976
विषय:
टैग : टैग जोड़ें
कोई टैग नहीं, इस रिकॉर्ड को टैग करने वाले पहले व्यक्ति बनें!
Thư viện lưu trữ: Trung tâm Học liệu Trường Đại học Cần Thơ
LEADER 00529nam a2200193Ia 4500
001 CTU_89235
008 210402s9999 xx 000 0 und d
082 |a 330 
082 |b Y21 
100 |a Yanagisawa, Masaichi 
245 0 |a Southeast Asia economies toward 1980s 
245 0 |c Masaichi Yanagisawa 
260 |a Tokyo 
260 |b International Developing Economic 
260 |c 1976 
650 |a Economic 
650 |z Asia, southeastern 
904 |i Bằng 
980 |a Trung tâm Học liệu Trường Đại học Cần Thơ